000
00326nam a22001337a 4500
005
20170630103902.0
008
170630b xxu||||| |||| 00| 0 eng d
022
_a
0566-2257
245
_a
University News
250
_a
Vol-55
260
_a
New Delhi
_b
Associations of Indian Universities
_c
2017
300
_a
P39
942
_c
JRL
999
_c
5490
_d
5488